| 000 | 00728nam 22002533 4500 | ||
|---|---|---|---|
| 001 | 198990 | ||
| 010 | _a972-27-0987-9 | ||
| 021 |
_aPT _b144 998/99 |
||
| 090 | _a198990 | ||
| 100 | _a20251112d u||y0pory50 ba | ||
| 101 | _apor | ||
| 102 | _aPT | ||
| 200 |
_aValor e realidade _fAntónio José de Brito |
||
| 210 |
_a[Lisboa] _cImprensa Nacional-Casa da Moeda _dD.L.1999 |
||
| 215 |
_a287, [4] p. _cbrochado |
||
| 225 |
_aEstudos Gerais _eSérie Universitária |
||
| 606 |
_932 _aFilosofia |
||
| 610 | _aHistória da Filosofia | ||
| 675 |
_a1Brito, António José de _vPT _zpor |
||
| 675 |
_a1(469) _vPT _zpor |
||
| 700 |
_98740 _aBrito _bAntónio José de _f1927-2013 |
||
| 801 |
_aPT _bBMMN _gRPC |
||
| 830 |
_cAna _fAna |
||
| 990 | _cLIVROS | ||